|
|
|
|
| LEADER |
01212pam a22003498a 4500 |
| 001 |
00032806 |
| 005 |
20171026081025.0 |
| 008 |
141128s2014 ||||||Viesd |
| 020 |
# |
# |
|a 9786047320646
|c 146000
|
| 041 |
0 |
# |
|a Vie
|
| 082 |
1 |
4 |
|a 628.507 1
|b GI108TR
|
| 100 |
0 |
# |
|a Đinh, Xuân Thắng
|
| 245 |
0 |
0 |
|a Giáo trình kỹ thuật xử lý ô nhiễm không khí
|c Đinh Xuân Thắng
|
| 260 |
# |
# |
|a T.P. Hồ Chí Minh
|b Đại học Quốc gia T.P. Hồ Chí Minh
|c 2014
|
| 300 |
# |
# |
|a 372 tr.
|c 24 cm.
|
| 500 |
# |
# |
|a ĐTTS ghi: Đại học Quốc gia T.P. Hồ Chí Minh.Viện Môi trường và Tài nguyên
|
| 653 |
# |
# |
|a Giáo trình
|
| 653 |
# |
# |
|a Kỹ thuật
|
| 653 |
# |
# |
|a Ô nhiễm không khí
|
| 653 |
# |
# |
|a Xử lý
|
| 653 |
# |
# |
|a Tiếng ồn
|
| 653 |
# |
# |
|a Phương pháp
|
| 852 |
# |
# |
|b Kho giáo trình
|j KGT.0048060, KGT.0048061
|
| 852 |
# |
# |
|j KD.0016362
|j KGT.0048060
|j KGT.0048061
|
| 852 |
# |
# |
|b Kho đọc
|j KD.0016362
|
| 852 |
# |
# |
|b Kho mượn
|j KGT.0048060
|
| 910 |
0 |
# |
|d 28/11/2014
|
| 980 |
# |
# |
|a Trung tâm Học liệu Lê Vũ Hùng, Trường Đại học Đồng Tháp
|